1735 1168 1824 1365 1212 1971 1690 1716 1879 1847 1540 1464 1697 1125 1895 1710 1533 1345 1256 1003 1252 1520 1481 1093 1072 1203 1366 1646 1342 1412 1502 1866 1000 1391 1921 1727 1368 1114 1483 1210 1147 1169 1081 1576 1587 1660 1110 1123 1737 1368 1909 1830 1341 1126 1151 1381 1751 1812 1366 1255 1375 1042 1442 1597 1679 1836 1060 1864 1610 1227 1327 1059 1158 1910 1259 1478 1081 1120 1686 1702 1683 1952 1203 1144 1806 1574 1980 1210 1505 1664 1286 1398 1662 1891 1235 1712 1130 1662 1478 BCNSPRNW ULIB Ver.6.0+V

เปลี่ยนเป็นภาษาไทย

Change to English
 แสดงรายละเอียดบรรณานุกรม
  กลับหน้าหลัก

Brief Record : Get Marc (ISO 2709) : E-mail record : QR code < ปิดหน้าต่าง
LEADER : 00000nam 2200000uu 4500
001    13399113551
003     ULIB
008    111125s2553||||th 000 0 tha d
020    ^a9786167057194
090    ^aนว.^bฟ319ล 2553
100 0  ^aฟ้าใส ไอรดา
245 00 ^aเล่ห์ซาตาน มารหัวใจ/^cฟ้าใส ไอรดา
260    ^aกรุงเทพฯ :^bSimply Book,^c2553
300    ^a223 หน้า
945    ^p165^l0^i17057
995    ^aเกษร
999    ^aใช้งานได้ทุกระบบ
รายการนี้ยังไม่มีแท็ก
คุณยังไม่ได้ล็อกอิน คุณสามารถมีกิจกรรมร่วมกับเว็บไซต์ได้ แต่ต้องล็อกอินก่อน ::
  ล็อกอิน

รายการสื่อสารสนเทศ

ลำดับที่ ประเภท เลขเรียก/บาร์โค้ด สถานที่ สถานะ
1. วิทยาศาสตร์การแพทย์ และสุขภาพ
วิทยาศาสตร์การแพทย์ และสุขภาพ
นว. ฟ319ล 2553  
  Barcode: 17057
ห้องสมุดวิทยาเขตสวรรค์ประชารักษ์
►นวนิยาย
บนชั้น
  ขอยืม

รายการใกล้เคียง
    ผู้แต่ง [ฟ้าใส ไอรดา]

BibComment


ยังไม่เคยถูกคอมเมนท์

คอมเมนท์ทรัพยากรรายการนี้
  คอมเมนท์: เล่ห์ซาตาน มารหั..


 Copyright 2026. Bcnsprnw @Library